Statistics for Dr Who Short Episode Names

Click here to take the quiz!

General Stats

  • This quiz has been taken 13 times
  • The average score is 7 of 15

Answer Stats

HintAnswer% Correct
1Rose
100%
3Blink
75%
1Dalek
75%
3Gridlock
67%
3Utopia
67%
1Bad Wolf
58%
1Boom Town
58%
2New Earth
58%
342
50%
2Fear Her
50%
4The Poison Sky
25%
2The Age of Steel
17%
4The End of Time
17%
4Forest of the Dead
8%
4Planet of the Ood
8%

Score Distribution

Percentile by Number Answered

Percent of People with Each Score

Your Score History

You have not taken this quiz